02706cam a2200313 a 45000010009000000050017000090080041000260100017000670200046000840200024001300400018001540420008001720500023001800820021002030840045002242450145002692600034004143000034004484900055004825040051005375201477005886500041020656500044021066500064021506500051022146500059022657000042023247000026023661683852820170105102908.0110622s2012 nyub b 001 0 eng  a 2011025816 a9780415886680 (hardback : acidfree paper) a9780203147061 (ebk) aDLCcDLCdDLC apcc00aHD3850b.A486 201200a363.609172/4223 aPOL029000aSOC026000aBUS0790002bisacsh00aAlternatives to privatization :bpublic options for essential services in the Global South /cedited by David A. McDonald and Greg Ruiters. aNew York :bRoutledge,c2012. axii, 519 p. :bmaps ;c24 cm.0 aRoutledge studies in development and society ;v29 aIncludes bibliographical references and index. a"There is a vast literature for and against privatizing public services. Those who are against privatization are often confronted with the objection that they present no alternative. This book takes up that challenge by establishing theoretical models for what does (and does not) constitute an alternative to privatization, and what might make them "successful" backed up by a comprehensive set of empirical data on public services initiatives in over 40 countries. This is the first such global survey of its kind, providing a rigorous and robust platform for evaluating different alternatives and allowing for comparisons across regions and sectors. The book helps to conceptualize and evaluate what has become an important and widespread movement for better public services in the global South. The contributors explore historical, existing and proposed non-commercialized alternatives for primary health, water/sanitation and electricity. The objectives of the research have been to develop conceptual and methodological frameworks for identifying and analyzing alternatives to privatization, and testing these models against actually existing alternatives on the ground in Asia, Africa and Latin America. Information of this type is urgently required for practitioners and analysts, both of whom are seeking reliable knowledge on what kind of public models work, how transferable they are from one place to another and what their main strengths and weaknesses are"-- 0aPrivatizationzDeveloping countries. 0aPublic utilitieszDeveloping countries. 7aPOLITICAL SCIENCE / Public Policy / Social Policy.2bisacsh 7aSOCIAL SCIENCE / Sociology / General.2bisacsh 7aBUSINESS & ECONOMICS / Government & Business.2bisacsh1 aMcDonald, David A.q(David Alexander)1 aRuiters, Greg,d1959-